000 01529cam a2200145 4500500
005 20260329034022.0
041 _afre
042 _adc
100 1 0 _aCazal, Yvonne
_eauthor
700 1 0 _aParussa, Gabriella
_eauthor
245 0 0 _aIntroduction à l'histoire de l'orthographe
260 _bArmand Colin,
_c2022.
520 _a« Un vieux donjon, entouré de fossés, de chaussetrapes et de herses. » C’est ainsi que l’historien de la langue et académicien Gaston Paris qualifiait l’orthographe du français. Plus de cent ans après, la forteresse semble toujours imprenable mais le temps n’est plus où les linguistes tenaient l’orthographe pour la science des ânes. Signe des temps : l’étude des systèmes graphiques est inscrite au programme des étudiants de licence et de master ; une « question de graphie » figure désormais aux concours de recrutement des enseignants de français. Cette introduction à l’histoire de l’orthographe s’inscrit dans cette actualité. Des exercices pratiques sur des exemples attestés, suivis de corrigés complets initient le lecteur à la méthode et aux outils actuels. Ce manuel apprend à décrire l’origine des différents graphèmes et les fonctions successives qu’ils ont reçues dans l’histoire. Il est le fruit des recherches des deux auteurs sur les manuscrits et imprimés du Moyen Âge à nos jours.
856 4 1 _uhttps://shs.cairn.info/introduction-a-l-histoire-de-l-orthographe--9782200626518?lang=fr&redirect-ssocas=7080
999 _c1960324
_d1960324